| 000 | 00379nam a2200133Ia 4500 | ||
|---|---|---|---|
| 008 | 210430s9999 xx 000 0 und d | ||
| 020 | _a978-1-84755-895-4 | ||
| 082 | _a620.5 C996 N | ||
| 100 | _aGeoffrey A Ozin | ||
| 245 |
_aNanochemistry A Chemical Approach to Nanomaterials _cGeoffrey A Ozin |
||
| 260 |
_aCanada _bRSC Publisher _c2009 |
||
| 300 | _a820p. | ||
| 942 |
_cBK _2ddc |
||
| 999 |
_c564786 _d564786 |
||